Моделирование работы установки каталитического риформинга бензинов Ачинского НПЗ; Проблемы геологии и освоения недр; Т. 2

Detalles Bibliográficos
Parent link:Проблемы геологии и освоения недр: труды XVI Международного симпозиума имени академика М. А. Усова студентов и молодых ученых, Томск, 2-7 апреля 2012 г./ Национальный исследовательский Томский политехнический университет (ТПУ), Институт природных ресурсов (ИПР) ; Общество инженеров-нефтяников, Студенческий чаптер ; под ред. О. Г. Савичева.— , 2012
Т. 2.— 2012.— [С. 221-223]
Autor Principal: Каракулов А. Г. Анатолий Геннадьевич
Outros autores: Шарова Е. С. Екатерина Сергеевна (научный руководитель), Иванчина Э. Д. Эмилия Дмитриевна
Summary:Заглавие с титульного листа
Idioma:ruso
Publicado: 2012
Series:Современные технологии подготовки освоения и переработки минерального и углеводородного сырья
Subjects:
Acceso en liña:http://www.lib.tpu.ru/fulltext/c/2012/C11/V2/090.pdf
Formato: Electrónico Capítulo de libro
KOHA link:https://koha.lib.tpu.ru/cgi-bin/koha/opac-detail.pl?biblionumber=233453

MARC

LEADER 00000naa2a2200000 4500
001 233453
005 20251205135956.0
035 |a (RuTPU)RU\TPU\book\254531 
035 |a RU\TPU\book\254479 
090 |a 233453 
100 |a 20130304d2012 k y0rusy50 ca 
101 0 |a rus 
102 |a RU 
135 |a drcn ---uucaa 
181 0 |a i  
182 0 |a b 
200 1 |a Моделирование работы установки каталитического риформинга бензинов Ачинского НПЗ  |f А. Г. Каракулов, Е. С. Шарова  |g науч. рук. Э. Д. Иванчина 
203 |a Текст  |c электронный 
215 |a 1 файл (484 Кб) 
225 1 |a Современные технологии подготовки освоения и переработки минерального и углеводородного сырья 
300 |a Заглавие с титульного листа 
320 |a [Библиогр.: с. 223 (3 назв.)] 
337 |a Adobe Reader 
461 1 |0 (RuTPU)RU\TPU\book\252494  |t Проблемы геологии и освоения недр  |o труды XVI Международного симпозиума имени академика М. А. Усова студентов и молодых ученых, Томск, 2-7 апреля 2012 г.  |o в 2 т.  |f Национальный исследовательский Томский политехнический университет (ТПУ), Институт природных ресурсов (ИПР) ; Общество инженеров-нефтяников, Студенческий чаптер ; под ред. О. Г. Савичева  |d 2012 
463 1 |0 (RuTPU)RU\TPU\book\252518  |t Т. 2  |v [С. 221-223]  |d 2012 
610 1 |a труды учёных ТПУ 
610 1 |a электронный ресурс 
610 1 |a каталитический риформинг 
610 1 |a бензины 
610 1 |a Ачинск 
610 1 |a моделирование 
610 1 |a нефтепереработка 
610 1 |a катализаторы 
610 1 |a нефтеперерабатывающие заводы 
610 1 |a НПЗ 
700 1 |a Каракулов  |b А. Г.  |g Анатолий Геннадьевич 
701 1 |a Шарова  |b Е. С.  |c химик  |c доцент Томского политехнического университета, кандидат технических наук  |f 1984-  |g Екатерина Сергеевна  |3 (RuTPU)RU\TPU\pers\25019  |9 11152 
702 1 |a Иванчина  |b Э. Д.  |c химик  |c профессор Томского политехнического университета, доктор технических наук  |f 1951-  |g Эмилия Дмитриевна  |4 727 
801 1 |a RU  |b 63413507  |c 20130205 
801 2 |a RU  |b 63413507  |c 20130404  |g RCR 
856 4 |u http://www.lib.tpu.ru/fulltext/c/2012/C11/V2/090.pdf 
942 |c CF